000 00631nam a2200241Ia 4500
003 OSt
005 20221006142600.0
006 a|||||r|||| 00| 0
007 ta
008 221006b |||||||| |||| 00| 0 hin d
024 _a6,661
037 _bGift,
_cTextual
040 _aEASL
_cEASL
_bhin
041 _2hin
_ahin
082 _aY:5.41.N8, M2
245 0 _aJansankhya tatha anya samasayai
_b Samkalin Chin
260 _aBeijing
_bForeign Languages Press China
_c1982
300 _a104p.
_ccm.
490 _v CEL
650 _aHL
942 _hY:5.41.N8, M2
_cTEXL
_2CC
999 _c1074747
_d1074747